000 00522nam a2200193Ia 4500
003 OSt
005 20240927095817.0
008 220927b |||||||| |||| 00| 0 eng d
037 _cTextual
040 _aSDCL
_cSDCL
_bhin
041 _2hin
_ahin
082 _aY:1.2'A N7
100 _aPandey, kishore
_9444802
245 0 _aKalpsuter kalik Bharat.
260 _aVaranasi :
_bAditye Book,
_c1997.
300 _axi,245p.
942 _hY:1.2'A N7
_cTEXL
_2CC
999 _c759834
_d759834